|
|
|
|
| LEADER |
00000nam0a2200000 4500 |
| 001 |
98785 |
| 005 |
20231101214216.0 |
| 010 |
|
|
|a 5829105764
|
| 035 |
|
|
|a (RuTPU)RU\TPU\book\105915
|
| 090 |
|
|
|a 98785
|
| 100 |
|
|
|a 20060622d2005 k y0rusy50 ca
|
| 101 |
0 |
|
|a rus
|
| 102 |
|
|
|a RU
|
| 105 |
|
|
|a y z 001zy
|
| 200 |
1 |
|
|a Холодная война, холодный мир: общественное мнение в США и Европе о СССР /России, внешней политике и безопасности Запада
|f В. О. Рукавишников
|
| 210 |
|
|
|a Москва
|c Академический проект
|d 2005
|
| 215 |
|
|
|a 864 с.
|
| 225 |
1 |
|
|a Окна и зеркала
|
| 320 |
|
|
|a Библиогр.: с. 826-855.
|
| 330 |
|
|
|a Монография посвящена восприятию России на Западе с конца 1920-х — начала 1930-х гг. до наших дней. Основное внимание уделено динамике общественного мнения по вопросам внешней и оборонной политики и отношениям с СССР/Россией в США и Западной Европе. В книге использованы практически неизвестные российским читателям материалы опросов, рассекреченные доклады ЦРУ, данные о расходах на оборонные нужды и ядерных арсеналах США и СССР в годы холодной войны. Проблемы отношения к постсоветской России рассматриваются во взаимосвязи со становлением нового мирового порядка, старыми и новыми угрозами безопасности, недавними кризисами на Балканах и Среднем Востоке, реорганизацией и расширением НАТО, строительством европейских вооруженных сил и глобализацией. Сквозной является тема отношения западной общественности к ядерному оружию и возможности новой мировой войны. В связи с рассматриваемыми в книге темами затрагиваются вопросы манипуляции общественным мнением и воздействия общественного мнения на внешнюю политику, пропагандистской риторики, антикоммунизма и русофобии, методологические аспекты исследований общественного мнения и т. д. Книга предназначена для читателей, интересующихся историей и настоящим состоянием отношений России и Запада, социологией международных отношений и общественного мнения, политической наукой, а также для преподавателей и студентов вузов.
|
| 606 |
1 |
|
|a Международная безопасность
|x Международные проблемы
|2 stltpush
|3 (RuTPU)RU\TPU\subj\71831
|9 85562
|
| 606 |
1 |
|
|a Военно-политические процессы
|x Россия
|z 21
|2 stltpush
|3 (RuTPU)RU\TPU\subj\70529
|9 84766
|
| 610 |
1 |
|
|a политика
|
| 610 |
1 |
|
|a внешняя политика
|
| 610 |
1 |
|
|a международные отношения
|
| 610 |
1 |
|
|a 20 век
|
| 610 |
1 |
|
|a Россия
|
| 610 |
1 |
|
|a СССР
|
| 610 |
1 |
|
|a США
|
| 610 |
1 |
|
|a холодная война
|
| 610 |
1 |
|
|a Европа
|
| 610 |
1 |
|
|a атомное оружие
|
| 610 |
1 |
|
|a ядерное оружие
|
| 610 |
1 |
|
|a политические кризисы
|
| 610 |
1 |
|
|a конфронтация
|
| 610 |
1 |
|
|a войны
|
| 610 |
1 |
|
|a студенческие бунты
|
| 610 |
1 |
|
|a интервенция
|
| 610 |
1 |
|
|a перестройка
|
| 610 |
1 |
|
|a терроризм
|
| 610 |
1 |
|
|a балканские войны
|
| 686 |
|
|
|a Ф4(0)30
|v LBC/SL-A
|2 rubbk
|
| 686 |
|
|
|a Ф4(2)3
|v LBC/SL-A
|2 rubbk
|
| 700 |
|
1 |
|a Рукавишников
|b В. О.
|g Владимир Олегович
|
| 801 |
|
1 |
|a RU
|b 63413507
|c 20060622
|g PSBO
|
| 801 |
|
2 |
|a RU
|b 63413507
|c 20140326
|g PSBO
|
| 900 |
|
|
|a Современные международные отношения
|
| 942 |
|
|
|c BK
|
| 959 |
|
|
|a 57/20060619
|d 1
|e 238,59
|f ЧЗГЛ:1
|